Complete the Card - WWE No Mercy 2003 - Statistics

General Stats
  • This quiz has been taken 255 times
  • The average score is 14 of 18
Answer Stats
Answer % Correct
The Undertaker
99%
Stephanie McMahon
96%
Vince McMahon
96%
Brock Lesnar
94%
Eddie Guerrero
93%
John Cena
93%
Kurt Angle
93%
Rey Mysterio
92%
Chris Benoit
87%
The Big Show
87%
Matt Hardy
83%
Bradshaw
78%
Faarooq
75%
Tajiri
71%
A-Train
51%
Danny Basham
51%
Doug Basham
51%
Zach Gowen
44%
No matching quizzes found
Score Distribution
Percent of People with Each Score
Percentile by Number Answered
Your Score History
You have not taken this quiz